Record year for Prime London residential real estate (Record no. 83682)

MARC details
000 -LEADER
fixed length control field 00849cad a22001935a 4500
001 - CONTROL NUMBER
control field L154596
008 - FIXED-LENGTH DATA ELEMENTS--GENERAL INFORMATION
fixed length control field 120103e20111222xxk 000 0 eng d
035 ## - SYSTEM CONTROL NUMBER
System control number (Sirsi) u154596
041 0# - LANGUAGE CODE
Language code of text/sound track or separate title eng
245 00 - TITLE STATEMENT
Title Record year for Prime London residential real estate
Medium [electronic resource]
260 ## - PUBLICATION, DISTRIBUTION, ETC.
Date of publication, distribution, etc. 2011
490 ## - SERIES STATEMENT
Series statement Savills UK News
Volume/sequential designation 22 December 2011
520 ## - SUMMARY, ETC.
Summary, etc. Residential values across the whole of prime London have ended 2011 on a record high. International buyers account for 55% of prime Central London sales in 2011.
590 ## - LOCAL NOTE (RLIN)
Local note KA
651 #4 - SUBJECT ADDED ENTRY--GEOGRAPHIC NAME
Geographic name LONDON
690 ## - LOCAL SUBJECT ADDED ENTRY--TOPICAL TERM (OCLC, RLIN)
Topical term or geographic name as entry element PROPERTY-RESIDENTIAL PROPERTY-RESIDENTIAL PROPERTY MARKET
856 40 - ELECTRONIC LOCATION AND ACCESS
Uniform Resource Identifier <a href="https://www.savills.co.uk/_news/newsitem.aspx?intSitePageId=72418&intNewsSitePageId=117869-0&intNewsMonth=12&intNewsYear=2011">https://www.savills.co.uk/_news/newsitem.aspx?intSitePageId=72418&intNewsSitePageId=117869-0&intNewsMonth=12&intNewsYear=2011</a>
Public note View this item free of charge at www.savills co.uk
942 ## - ADDED ENTRY ELEMENTS (KOHA)
Suppress in OPAC 0
Holdings
Withdrawn status Lost status Source of classification or shelving scheme Damaged status Not for loan Home library Current library Shelving location Date acquired Total Checkouts Full call number Barcode Date last seen Copy number Price effective from Koha item type
    Dewey Decimal Classification     Virtual Virtual Journal article 03/01/2012   ONLINE PUBLICATION 154596-2001 06/08/2019 1 06/08/2019 Journal article